| 000 | 00677nam a22001817a 4500 | ||
|---|---|---|---|
| 999 |
_c59778 _d59778 |
||
| 003 | Ge_BSU | ||
| 005 | 20230412155814.0 | ||
| 008 | 230412s1993 ge ||||| |||| 00| 0 geo d | ||
| 041 | _ageo | ||
| 080 | _a087.5:27-312 ც-98 | ||
| 245 |
_aცხოვრების წიგნი : _b [იესო ქრისტეს ცხოვრება, მოთხრობილი ოთხი მახარებლის მიერ]. |
||
| 264 |
_aთბილისი, _c 1993. |
||
| 300 |
_a128 გვ. ; _b20 სმ. |
||
| 653 | _aიესო ქრისტე | ||
| 653 | _aრელიგია | ||
| 653 | _aქრისტიანობა | ||
| 942 |
_2udc _cBK |
||